Statistiken für Deutschland: Geografie mit H

Klicken Sie hier um das Quiz zu spielen!

Allgemein

  • Dieses Quiz wurde 308 mal gespielt
  • Das Durchschnittsergebnis liegt bei 11 aus 16

Antwortstatistiken

HinweisAntwort% Korrekt
Zweitgrößte Stadt DeutschlandsHamburg
100%
Bundesland mit der Hauptstadt WiesbadenHessen
94%
Landschaftsform der Gegend um LüneburgHeide
90%
Im 19. Jahrhundert war diese heutige Landeshauptstadt die Hauptstadt des gleichnamigen KönigreichsHannover
86%
Vielbesuchte Stadt im Norden Baden-Württembergs, deren Universität die älteste Deutschlands istHeidelberg
86%
Stadt an der Weser, die für die Sage vom Rattenfänger bekannt istHameln
79%
Die einzige deutsche Hochseeinsel gehört nicht zum Zollgebiet der Europäischen UnionHelgoland
78%
Nach einem Mittelgebirge benannter Landkreis in Sachsen-Anhalt, in dem sich die Städte Halberstadt, Wernigerode und Quedlinburg befindenHarz
74%
Historische Landschaft in Brandenburg, die auch durch Theodor Fontanes Ballade über Herrn von Ribbeck bekannt ist{Havel}land
70%
Kreisfreie Stadt in Oberfranken mit drei BuchstabenHof
66%
Südlicher Landesteil des nördlichsten BundeslandesHolstein
60%
Kleine Inseln in der Nordsee (z. B. Langeneß und Hooge), die bei Sturmfluten überschwemmt werden können und deren Bewohner auf erhöhten Warften lebenHalligen
57%
Größte Insel im Chiemsee, die für das von Ludwig II. erbaute Schloss bekannt ist{Herren}chiemsee
50%
Mittelgebirge zwischen Mosel, Nahe und Rhein mit dem Erbeskopf als höchster ErhebungHunsrück
49%
Insel westlich von Rügen, die für ihre Strände bekannt istHiddensee
30%
Gemeinde östlich von Berlin, die für den Pferdesport und insbesondere für eine Galopprennbahn bekannt istHoppegarten
21%

Verteilung der Resultate

Perzentil nach korrekt beantworteten Fragen

Anzahl Personen mit jedem Resultat

Ihre Resultats-Entwicklung

Sie haben dieses Quiz noch nicht gespielt